No Hint Sorting Gallery: Science Quiz Stats

 Plays Quiz Updated Sep 13, 2017

Score 0/78 Timer 12:00
2 Plays Today
% Correct
Circulatory
80.7%
Earth
79.2%
Digestive
79.2%
Respiratory
79.2%
Mercury
79.1%
Reproductive
79%
Jupiter
78.8%
Mars
78.6%
Uranus
78.1%
Neptune
77.9%
Lymphatic
77.7%
Venus
77.5%
Saturn
77.4%
Excretory
77.3%
Endocrine
76.6%
Muscular
75.5%
Skeletal
75.1%
Nervous
74.6%
Urinary
72.6%
Argon
71.5%
Integumentary
70.5%
Fluorine
70%
Helium
69.9%
Hydrogen
69.3%
Sour
69.1%
Chlorine
68.9%
Sweet
68.6%
Bitter
68.4%
Nitrogen
67.7%
Calcite
67%
Oxygen
67%
Neon
66.8%
Radon
66.6%
Salty
66.4%
Krypton
65.3%
Diamond
64.6%
Quartz
64.4%
Kilogram
63.7%
Electrical
63.1%
% Correct
Xenon
63.1%
Topaz
63%
Kelvin
62.5%
Meter
62.2%
Chemical
62%
Gypsum
62%
Ampere
62%
Marie Curie
61.9%
Fluorite
61.2%
Mechanical
60.4%
Apatite
60.1%
Kinetic
59.4%
Talc
59.1%
Nuclear
58.6%
Thermal
58.3%
Down
58%
Up
57.7%
Umami
57.1%
Bottom
56.8%
Potential
56.6%
Mole
56.2%
Abdomen
55.8%
Adenine
54.6%
Top
54%
Thorax
53.6%
Cytosine
53.5%
Guanine
53.3%
Head
52%
Orthoclase Feldspar
48.2%
Candela
47.8%
Charm
46.8%
Corundum
46.4%
Second
46%
Strange
44.8%
Ulna
44.1%
Light
44%
Radius
43.5%
Sound
41.2%
Uracil
40.9%

You're not logged in!

Compare scores with friends on all Sporcle quizzes.
OR
Log In

You Might Also Like...

Show Comments

Extras

Top Quizzes Today


Score Distribution

Your Account Isn't Verified!

In order to create a playlist on Sporcle, you need to verify the email address you used during registration. Go to your Sporcle Settings to finish the process.

Report this User

Report this user for behavior that violates our Community Guidelines.

Details: